|
|
|
|
| LEADER |
01313nam a2200313 i 4500 |
| 001 |
36281 |
| 003 |
BD-DhAAL |
| 005 |
20211130115528.0 |
| 008 |
190926t1977 inua b 001 0 eng d |
| 999 |
|
|
|c 41428
|d 41428
|
| 010 |
|
|
|a 77013262
|
| 040 |
|
|
|a DLC
|c DLC
|d DLC
|d DLC
|d BD-DhAAL
|
| 043 |
|
|
|a n-us-oh
|
| 050 |
0 |
0 |
|a LB1031
|b .F79
|
| 082 |
0 |
0 |
|a 371.394
|
| 100 |
1 |
|
|a Frymier, Jack Rimmel,
|d 1925-2006.
|9 35378
|
| 245 |
1 |
0 |
|a Annehurst curriculum classification system :
|b a practical way to individualize instruction /
|c Jack Frymier, with the assistance of Kathy Bobb ... [et al.].
|
| 260 |
|
|
|a West Lafayette, Ind. :
|b Kappa Delta Pi,
|c c1977.
|
| 300 |
|
|
|a xvii, 391 pages :
|b illustrations ;
|c 24 cm.
|
| 504 |
|
|
|a Includes bibliographical references and index.
|
| 526 |
|
|
|a BIED
|
| 541 |
|
|
|a Complimentary copy from BIED
|e 36281
|
| 610 |
2 |
0 |
|a Annehurst School.
|9 35379
|
| 650 |
|
0 |
|a Annehurst curriculum classification system.
|9 35380
|
| 650 |
|
0 |
|a Individualized instruction.
|9 35381
|
| 700 |
|
|
|a Bobb, Kathy
|9 35382
|
| 852 |
|
|
|a Ayesha Abed Library
|c BIED Collection
|
| 942 |
|
|
|2 ddc
|c BK
|
| 952 |
|
|
|0 0
|1 0
|2 ddc
|4 0
|6 371_394000000000000_FRY
|7 0
|9 66527
|a BRACUL
|b BRACUL
|c GEN
|d 2019-09-26
|e Complimentary copy from BIED
|l 0
|o 371.394 FRY
|p 3010036281
|r 2019-09-26
|t 1
|w 2019-09-26
|y BK
|x Transferred from BIED to General Stacks
|